All WWE Royal Rumble Runner-Ups - Statistics

General Stats
  • This quiz has been taken 1,303 times
    1,072 since last reset
  • The average score is 27 of 39
Answer Stats
Hint Answer % Correct
2014 Roman Reigns
91%
2017 Roman Reigns
91%
2018 (Mens) Roman Reigns
91%
2020 (Mens) Roman Reigns
91%
2005 John Cena
89%
2010 John Cena
89%
2006 Randy Orton
89%
2021 (Mens) Randy Orton
89%
1994 Shawn Michaels
87%
2007 Shawn Michaels
87%
2008 Triple H
87%
2009 Triple H
87%
1999 Steve Austin
86%
2000 Big Show
83%
2004 Big Show
83%
2016 Dean Ambrose
79%
2001 Kane
79%
2019 (Womens) Charlotte Flair
78%
2003 Undertaker
78%
1998 The Rock
77%
2012 Chris Jericho
76%
1997 Bret Hart
75%
2011 Santino Marella
69%
1993 Randy Savage
67%
2015 Rusev
65%
2002 Kurt Angle
64%
2019 (Mens) Braun Strowman
62%
2013 Ryback
61%
2018 (Womens) Nikki Bella
59%
2021 (Womens) Rhea Ripley
57%
1995 British Bulldog
54%
1996 Diesel
54%
1990 Mr Perfect
42%
Greatest 2018 Big Cass
41%
1992 Sid Justice
41%
1989 Ted Dibiase
40%
2020 (Womens) Shayna Baszler
39%
1988 One Man Gang
37%
1991 Earthquake
33%
No matching quizzes found
Score Distribution
Percent of People with Each Score
Percentile by Number Answered
Your Score History
You have not taken this quiz since the last reset